[Event "Regionalliga NO 0910"]
[White "Oravecz, Imre"]
[Black "Miller, Eduard"]
[Site "Bayern"]
[Round "6.7"]
[Result "0-1"]
[Date "2010.02.07"]
[WhiteElo "1919"]
[BlackElo "2033"]
[PlyCount "80"]
[EventDate "2009.10.18"]
[EventType "team-tourn"]
[EventRounds "9"]
[EventCountry "GER"]
[SourceTitle "EXT 2011"]
[Source "ChessBase"]
[SourceDate "2010.11.26"]
[SourceVersion "1"]
[SourceVersionDate "2010.11.26"]
[SourceQuality "1"]
[WhiteTeam "Amberg Siemens"]
[BlackTeam "Forchheim II"]
[WhiteTeamCountry "GER"]
[BlackTeamCountry "GER"]

1. d4 d5 2. Nf3 Nf6 3. e3 Bg4 4. c4 c6 5. cxd5 cxd5 6. Nc3 e6 7. Qa4+ Nc6 8. Ne5 Qb6 9. Qb5 Qxb5 10. Bxb5 Rc8 11. Nxg4 Nxg4 12. 0-0 Bd6 13. h3 Nf6 14. Bd2 a6 15. Bd3 Nb4 16. Bb1 Kd7 17. a3 Nc6 18. Na4 Kc7 19. Rc1 b6 20. Bd3 Kb7 21. b4 e5 22. Bf5 Rc7 23. dxe5 Nxe5 24. Bc3 Nc4 25. Bd4 h5 26. Nc3 Be5 27. Bxe5 Nxe5 28. Ne2 Rxc1+ 29. Rxc1 g6 30. Bb1 Rc8 31. Rxc8 Kxc8 32. Ba2 Kd7 33. Nd4 Nc4 34. a4 Kd6 35. Bb1 Ne4 36. Bc2 Nc3 37. Kf1 Nb2 38. a5 b5 39. Bb3 Nd3 40. Nc2 Nc1 0-1

[Event "Regionalliga NO 0910"]
[White "Oravecz, Imre"]
[Black "Bothe, Matthias"]
[Site "Bayern"]
[Round "2.8"]
[Result "0-1"]
[Date "2009.11.15"]
[WhiteElo "1919"]
[BlackElo "1849"]
[PlyCount "48"]
[EventDate "2009.10.18"]
[EventType "team-tourn"]
[EventRounds "9"]
[EventCountry "GER"]
[SourceTitle "EXT 2011"]
[Source "ChessBase"]
[SourceDate "2010.11.26"]
[SourceVersion "1"]
[SourceVersionDate "2010.11.26"]
[SourceQuality "1"]
[WhiteTeam "Amberg Siemens"]
[BlackTeam "Dietfurt"]
[WhiteTeamCountry "GER"]
[BlackTeamCountry "GER"]

1. e4 e6 2. d4 d5 3. exd5 exd5 4. Bd3 Nc6 5. Nf3 Bg4 6. c3 Bd6 7. 0-0 Qd7 8. Qe1+ Nge7 9. Ne5 Bxe5 10. dxe5 0-0-0 11. Bf4 Ng6 12. Bxg6 hxg6 13. Nd2 Bf5 14. Qe3 d4 15. cxd4 Qxd4 16. Nf3 Qxb2 17. Rfc1 Rd3 18. Qc5 Rhd8 19. h4 Qa3 20. Qb5 a6 21. Qc4 Be6 22. Qc2 Rxf3 23. gxf3 Qxf3 24. Be3 Bh3 0-1

[Event "Regionalliga NO 0910"]
[White "Horstmann, Astrid"]
[Black "Oravecz, Imre"]
[Site "Bayern"]
[Round "1.8"]
[Result "0-1"]
[Date "2009.10.18"]
[WhiteElo "1764"]
[BlackElo "1919"]
[PlyCount "120"]
[EventDate "2009.10.18"]
[EventType "team-tourn"]
[EventRounds "9"]
[EventCountry "GER"]
[SourceTitle "EXT 2011"]
[Source "ChessBase"]
[SourceDate "2010.11.26"]
[SourceVersion "1"]
[SourceVersionDate "2010.11.26"]
[SourceQuality "1"]
[WhiteTeam "Bechhofen"]
[BlackTeam "Amberg Siemens"]
[WhiteTeamCountry "GER"]
[BlackTeamCountry "GER"]

1. c4 Nf6 2. Nc3 g6 3. g3 c5 4. Bg2 Nc6 5. e3 Bg7 6. Nge2 0-0 7. 0-0 d6 8. h3 Be6 9. Nd5 Rc8 10. d3 Bxd5 11. cxd5 Ne5 12. f4 Ned7 13. Rb1 b5 14. b3 Qa5 15. a3 Qb6 16. Kh2 a6 17. Bb2 Qb7 18. e4 Nb6 19. g4 Rc7 20. f5 Qc8 21. g5 Nfd7 22. Bxg7 Kxg7 23. Nf4 Kg8 24. h4 Ne5 25. Bh3 Nbd7 26. h5 Qd8 27. Rb2 Kg7 28. Qe1 Rh8 29. Qg3 Nf8 30. Rbf2 Rg8 31. f6+ Kh8 32. hxg6 Nfxg6 33. Nxg6+ fxg6 34. f7 Rf8 35. Be6 c4 36. bxc4 bxc4 37. dxc4 Rxc4 38. Qg2 Qa5 39. Rc2 Rxc2 40. Qxc2 Qxa3 41. Kg2 Qe3 42. Qc1 Qxe4+ 43. Kg3 Kg7 44. Qc3 Qd3+ 45. Qxd3 Nxd3 46. Rb1 Nc5 47. Ra1 h6 48. gxh6+ Kxh6 49. Kg4 Kg7 50. Rh1 Nd3 51. Kg5 Ne5 52. Rf1 Nxf7+ 53. Kh4 Rh8+ 54. Kg3 Ne5 55. Ra1 Ra8 56. Kf4 a5 57. Ra4 Nd3+ 58. Ke3 Nc5 59. Rf4 Rf8 60. Rc4 a4 0-1

[Event "Regionalliga NO 9798"]
[White "Wasl, Ernst"]
[Black "Oravecz, Imre"]
[Site "Bayern"]
[Round "?.8"]
[Result "1-0"]
[Date "1998.??.??"]
[WhiteElo "2055"]
[BlackElo "1965"]
[PlyCount "108"]
[EventDate "1997.10.??"]
[EventType "team-tourn"]
[EventRounds "9"]
[EventCountry "GER"]
[SourceTitle "EXT 2020"]
[Source "ChessBase"]
[SourceDate "2019.10.17"]
[SourceVersion "1"]
[SourceVersionDate "2019.10.17"]
[SourceQuality "1"]
[WhiteTeam "Regensburg Fortuna II"]
[BlackTeam "Amberg SG Siemens"]
[WhiteTeamCountry "GER"]
[BlackTeamCountry "GER"]

1. d4 Nf6 2. c4 e6 3. Nc3 d5 4. Bg5 Be7 5. Nf3 Nbd7 6. e3 0-0 7. Rc1 c6 8. Bd3 dxc4 9. Bxc4 c5 10. 0-0 cxd4 11. exd4 a6 12. Ne5 Nb6 13. Bd3 h6 14. Bh4 Nbd5 15. Bb1 Bd7 16. Nxd5 Nxd5 17. Qc2 f5 18. Bxe7 Nxe7 19. Qb3 b5 20. Rc5 Rc8 21. Rfc1 Rxc5 22. dxc5 Bc8 23. Qd3 Nd5 24. Re1 Qc7 25. Qd4 Bb7 26. b4 Rc8 27. Bc2 a5 28. a3 axb4 29. axb4 Ra8 30. Bb3 Ra3 31. Qb2 Ra6 32. Bd1 Nf4 33. f3 Bd5 34. g3 Ra2 35. Qd4 Nh3+ 36. Kh1 g5 37. Re2 Qa7 38. Rb2 g4 39. Kg2 Qa3 40. Nd3 Rxb2+ 41. Nxb2 Bxf3+ 42. Kf1 Bxd1 43. Nxd1 Qf3+ 44. Ke1 Qh1+ 45. Kd2 Qxh2+ 46. Kc1 Qxg3 47. c6 Qc7 48. Qd7 Qf4+ 49. Kc2 Qe4+ 50. Kb3 Qc4+ 51. Ka3 Qc1+ 52. Nb2 Qa1+ 53. Kb3 g3 54. c7 Qa6 1-0

[Event "Regionalliga NO 9697"]
[White "Oravecz, Imre"]
[Black "Schamberger, Alfons"]
[Site "Bayern"]
[Round "?"]
[Result "1/2-1/2"]
[Date "1996.??.??"]
[WhiteElo "1995"]
[BlackElo "2000"]
[PlyCount "114"]
[EventDate "1996.10.??"]
[EventType "team-tourn"]
[EventRounds "9"]
[EventCountry "GER"]
[SourceTitle "EXT 1999"]
[Source "ChessBase"]
[SourceDate "1998.11.16"]
[SourceVersion "1"]
[SourceVersionDate "1998.11.16"]
[SourceQuality "1"]
[WhiteTeam "Amberg SG Siemens"]
[BlackTeam "Furth im Wald"]
[WhiteTeamCountry "GER"]
[BlackTeamCountry "GER"]

1. Nf3 Nf6 2. c4 g6 3. Nc3 Bg7 4. d4 0-0 5. Bg5 h6 6. Bxf6 Bxf6 7. e3 Bg7 8. Qc2 c5 9. d5 Qa5 10. Be2 b5 11. cxb5 a6 12. 0-0 axb5 13. Nxb5 d6 14. Na3 Qb4 15. Nc4 Ba6 16. a3 Qb7 17. Rab1 Nd7 18. Rfd1 Rfb8 19. Nfd2 Ne5 20. f4 Nxc4 21. Bxc4 Qa7 22. Kf2 Bc8 23. Nf3 Rb6 24. Qc1 Rab8 25. b3 Bf5 26. Rb2 Qxa3 27. Re2 Ra8 28. e4 Qxc1 29. Rxc1 Bd7 30. Rcc2 Bb5 31. Ra2 Rab8 32. e5 Bd7 33. Ra7 R6b7 34. Rea2 Kh7 35. h3 Bf5 36. g4 Bd7 37. R2a5 Kg8 38. Kg3 Kh7 39. exd6 exd6 40. R5a6 Rxa7 41. Rxa7 Rd8 42. Nd2 Kg8 43. Ne4 Be8 44. g5 hxg5 45. Nxg5 Bf8 46. Rb7 Rd7 47. Rb8 Re7 48. Rd8 Bd7 49. Kf3 Kg7 50. Ne4 Bxh3 51. Nxd6 Rd7 52. Ne8+ Kh6 53. Rxd7 Bxd7 54. Nf6 Bf5 55. Ne8 Bd7 56. Nf6 Bf5 57. Ke3 g5 1/2-1/2